000 00412nam a2200169Ia 4500
008 230612s9999 xx 000 0 und d
041 _aeng
082 _a621.388 DHA
100 _aDhake A.M.
245 _aTelevision Engineering
260 _c1990
_bTata McGraw Hill
300 _a462
365 _cRs.
_b84.00
700 _aDhake A.M.
906 _dB:25-Jul-1992
_cETC
_b12.6
999 _c165074
_d165074